Every notable Woodstock's artists - Statistics

General Stats
  • This quiz has been taken 22 times
  • The average score is 9 of 36
Answer Stats
Hint Answer % Correct
1999 Limp Bizkit
81%
1969 Jimi Hendrix
75%
1999 Korn
63%
1994 Red Hot Chili Peppers
56%
1999 Red Hot Chili Peppers
56%
1994 Green Day
44%
1994 Metallica
31%
1999 Metallica
31%
1994 Nine Inch Nails
31%
1969 The Who
31%
1994 Bob Dylan
25%
1994 Primus
25%
1994 Rage Against the Machine
25%
1999 Rage Against the Machine
25%
1994 Sheryl Crow
25%
1999 Sheryl Crow
25%
1999 The Offspring
25%
1999 Jamiroquai
19%
1994 Joe Cocker
19%
1999 Megadeth
19%
1969 Santana
19%
1994 Santana
19%
1999 DMX
13%
1999 Fatboy Slim
13%
1999 James Brown
13%
1999 Kid Rock
13%
1969 The Band
13%
1994 The Band
13%
1994 Aerosmith
6%
1999 The Chemical Brothers
6%
1994 The Cranberries
6%
1969 Young
6%
1994 Jimmy Cliff
0%
1999 Moby
0%
1999 Muse
0%
1994 Paul Rodgers
0%
No matching quizzes found
Score Distribution
Percent of People with Each Score
Percentile by Number Answered
Your Score History
You have not taken this quiz